Normal view
MARC view
- John Ruskin
Entry Personal Name
001 - CONTROL NUMBER
- control field: 4597
003 - CONTROL NUMBER IDENTIFIER
- control field: OSt
005 - DATE AND TIME OF LATEST TRANSACTION
- control field: 20200616113406.0
008 - FIXED-LENGTH DATA ELEMENTS
- fixed length control field: 200616|| aca||aabn | a|a d
040 ## - CATALOGING SOURCE
- Original cataloging agency: OSt
- Transcribing agency: OSt
100 ## - HEADING--PERSONAL NAME
- Personal name: John Ruskin
670 ## - SOURCE DATA FOUND
- Source citation: Work cat.: (OSt): John Ruskin, Time and tide by Weare and Tyne Book
